2019/20 Premier League Teams by Home Kit Quiz Stats

 Plays Quiz Updated Sep 12, 2019

Score 0/20 Timer 05:00
50 Plays Today
% Correct
Arsenal
96.5%
Manchester United
96%
Chelsea
95.7%
Manchester City
95.4%
Liverpool
95.4%
Tottenham Hotspur
95.3%
West Ham United
94.2%
Wolverhampton Wanderers
92.9%
Leicester City
92.1%
Aston Villa
92.1%
% Correct
Newcastle United
91.8%
Crystal Palace
91.3%
Norwich City
91%
Watford
90.2%
Everton
88.9%
Southampton
88.9%
Brighton & Hove Albion
87%
Burnley
86.8%
AFC Bournemouth
86.5%
Sheffield United
78.4%

You're not logged in!

Compare scores with friends on all Sporcle quizzes.
OR
Log In

Sporcle TV

Today on Sporcle TV


Watch our educational content, quiz creation guides, and fun videos on Sporcle TV.

Show Comments

Extras

Top Quizzes Today


Score Distribution

Your Account Isn't Verified!

In order to create a playlist on Sporcle, you need to verify the email address you used during registration. Go to your Sporcle Settings to finish the process.

Report this User

Report this user for behavior that violates our Community Guidelines.

Details: